MARC

LEADER 00000nam0a2200000 4500
001 25338
005 20231030200903.0
010 |a 5863282991 
035 |a (RuTPU)RU\TPU\book\25574 
035 |a BOOK00025649 
090 |a 25338 
100 |a 20011209d2000 m y0rusy50 ca 
101 0 |a rus 
102 |a RU 
105 |a а j 001zy 
200 1 |a Получение точных отливок специальными методами  |e учебное пособие  |f М. Д. Филинков, Л. М. Савиных, В. И. Дудоров 
210 |a Курган  |c Изд-во Курганского гос. ун-та  |d 2000 
215 |a 123 с.  |c ил. 
320 |a Библиогр.: с. 121. 
610 1 |a металлообработка 
610 1 |a точные отливки 
610 1 |a получение 
610 1 |a металлы 
610 1 |a сплавы 
610 1 |a литейные свойства 
610 1 |a литье 
610 1 |a центробежное литье 
610 1 |a кокильное литье 
610 1 |a литье под давлением 
610 1 |a оболочковые формы 
610 1 |a учебные пособия 
675 |a 621.74(07)  |v 3 
700 1 |a Филинков  |b М. Д.  |g Михаил Дмитриевич 
701 1 |a Савиных  |b Л. М.  |g Леонид Михайлович 
701 1 |a Дудоров  |b В. И.  |g Владимир Иванович 
801 0 |a RU  |b 63413507  |c 20011209  |g PSBO 
801 2 |a RU  |b 63413507  |c 20090120  |g PSBO 
942 |c BK